Quizzes
Events
Quiz Creation
Community
Videos
Private Events
Remove Ads
Sign In
Join for FREE
Feedback
Dark Mode
Quiz Categories
Sports
Geography
Music
Movies
Television
Just For Fun
Miscellaneous
History
Literature
Language
Science
Gaming
Entertainment
Religion
Holiday
For Kids
Quiz Lab
Recent
Popular Today
Quiz Kudos Today
Editor Picks
Curator Picks
Quizzes by...
Day
Popularity
Type
Ratings
Length
Year
Community
Subscriptions
Recent Discussions
Orange Saloon
Badges
Playlists
Quests
Create
Leaderboards
Showdown
Live 5
Trivia Bingo
Activity
Puzzle Library
Sporcle Events
Private Events
Virtual Trivia
Globe League
Become a Host
Pub Owners
SporcleCon
Opinionation
Our Games
Videos
Blog
Mobile Apps
Partnerships
Remove Ads and Go Orange
Feedback
Music
Pop Music
The Beatles
Song
Album
Lyrics
Bands
Singers
Artist
Clip
Rock
Rap
Classical
Billboard
Country Music
Kpop
Taylor Swift
Music
Pop Music
The Beatles
Song
Album
Lyrics
Bands
Singers
Artist
Clip
Rock
Rap
Classical
Billboard
Country Music
Kpop
Taylor Swift
Random Quiz
Search Sporcle
×
Quiz Lab
Quiz Lab
Music
Country Music
Type in answers that appear in a list
Type in answers that appear in a list
Classic
Best Score? Go Orange.
Name the song Stats
Can you name the Name the song?
By
garybrown
10m
30 Questions
28 Plays
28 Plays
28 Plays
Comments
Comments
Give Quiz Kudos
Give Quiz Kudos
-
- Ratings
hide this ad
Replay
Link that replays current quiz
Next Quiz
Link to next quiz in quiz playlist
You Got
0%
They Got
Avg Score
33%
Avg Friend Score
Upgrade to see
Score Distribution
Jump to the score distribution portion of the page
Score
0/30
Timer
10:00
0
Plays Today
Original artist
Song
% Correct
Aha
Take on me
75%
Michael Jackson
Smooth criminal
64.3%
Journey
Don't stop believing
57.1%
Dolly Parton
I will always love you
53.6%
Frank Sinatra
My way
46.4%
Bob Dylan
All along the watchtower
42.9%
Barry Manilow
Mandy
39.3%
Frank & Nancy Sinatra
Something stupid
39.3%
Michael Jackson
Beat it
35.7%
Queen
Don't stop me now
35.7%
Nena
99 red balloons
32.1%
Elvis Presley
Always on my mind
32.1%
Madonna
Papa don't preach
32.1%
Billy Ocean
When the going gets tough
28.6%
The Zutons
Valerie
28.6%
Original artist
Song
% Correct
Depeche mode
Just Can't get enough
28.6%
Little Eva
The loco-motion
28.6%
Mungo Jerry
In the summertime
28.6%
Duran Duran
Wild boys
25%
John Lennon
Working class hero
25%
Bryan Adams
Summer of 69
25%
Nickelback
How you remind me
25%
George Michael
Freedom
25%
Queen
Bohemian rhapsody
25%
The Clash
I fought the law
21.4%
Pink floyd
Comfortably numb
21.4%
Erasure
A little respect
21.4%
The beatles
Little help from my friends
21.4%
Wham
I'm your man
17.9%
Guns & Roses
Sweet child o' mind
10.7%
Quiz Playlist
Details
Report
Send in Message
Add To Playlist
Classic:
Type in answers that appear in a list
Last Updated: Feb 16, 2017
Quiz Scoreboard
CHALLENGE
Sign Up to Join the Scoreboard
Show All
Scores
Hide
Comments
May contain spoilers
Recently Published
An Introduction to Baseball
by treessimontrees
Sports
5m
Movies - When Are They Set?
by FPL_Elf
Movies
5m
Popular People in 1961
by mucciniale
History
6m
More to Explore
Quiz From the Vault
Featured Blog Post
Where Did the Easter Bunny Come From?
hide this ad
You Might Also Like...
Tags
Country Music Quiz
Musical Quiz
Cover Songs
Music Tracks
Song Covers
Today's Top Quizzes in Music
Browse Music
hide this ad
Today's Top Quizzes in Country Music
Browse Country Music
Top Contributed Quizzes in Music
1
Taylor Swift All Songs (2024)
2
2010s Album by Cover III
3
Guess the Artist- 70s Songs
4
One Thing in Common: Music
5
Taylor Swift Logic Puzzle
6
Guess the Taylor Swift song (Mystery Song)
7
2010s Album by Cover IV
8
2010s Album by Cover V
9
KPOP LOGIC QUIZ
10
Kpop Logic Quiz
Explore More
Trending Topics
Harry Potter
Crossword
NBA
Anime
Disney
Kpop
Marvel
Song
Pokémon
Puzzle
Country
Soccer
NFL
The Office
WWE
hide this ad
More By:
garybrown
Quiz
Plays
Rating
Category
Featured
Created
Boy Bands
64,461
4.22
Music
May 3, 2014
Wrestlemania Opponents of Random Wrestlers
7,468
4.24
Sports
Mar 5, 2014
Every English Premier league football table part 1 90s
5,638
4.82
Sports
Feb 2, 2014
Ghosts of Eastenders
5,131
4.17
Television
Jun 22, 2014
Every English Premier league football table part 2 00s
4,344
4.89
Sports
Feb 2, 2014
Go to Creator's Profile
Score Distribution
Quiz Creator Spotlight
garybrown
Follow
Send a Message
Quizzes Created
-
Created Quiz Play Count
-
More By This Creator
Popular Quizzes Today
1
Find the Countries of Europe - No Outlines Minefield
2
Find the US States - No Outlines Minefield
3
The Countries of the World
4
Popular People in 1961
5
US States
6
1-10 Letter E Words III
7
Find the US States
8
Risky Map Clicking: Biggest States A-Z
More Music Quizzes
Guess the Hamilton lyrics [29]
Quiz Lab
Trending Quizzes
Risky Map Clicking: Least Populous States A-Z
1-10 Letter F Words
1-10 Letter G Words
One Thing in Common: United Kingdom
Risky Map Clicking: Next State Alphabetically
Recently Updated
Leaping Animals
pecheneg
Reality TV Shows (A-Z)
bhenderson79
Rickey Henderson's Hall of Fame Teammates
pecheneg
Champions League XIs: Arsenal
pecheneg
Quick Pick: Celebrities in WWE's Hall of Fame
aduchscher
A-Z Keypad Blitz II
pecheneg
Multiple Oscar Actors
pecheneg
Mystery Phrase Blitz: Oscar 'Best Actors'
pecheneg
F. Scott Fitzgerald Novels
LTH
Pick 3 Villains
ddd62291
Trending Topics
Disney
Anime
NBA
Marvel
Kpop
Harry Potter
Crossword
Soccer
Puzzle
WWE
Pokémon
Country
The Office
NFL
Song
Your Account Isn't Verified!
In order to create a playlist on Sporcle, you need to verify the email address you used during registration. Go to your
Sporcle Settings
to finish the process.
Report this User
Report this user for behavior that violates our
Community Guidelines
.
Details:
Send Report
Go to the Sporcle.com Mobile Site →
Comments